Statistiken für Geboren in Madrid

Klicken Sie hier um das Quiz zu spielen!

Allgemein

  • Dieses Quiz wurde 14 mal gespielt
    (5 seit der letzten Aktualisierung)
  • Das Durchschnittsergebnis liegt bei 8 aus 42

Antwortstatistiken

HinweisAntwort% Korrekt
Sänger, "Bailando" "Subeme la Radio"1975Enrique Iglesias
100%
Sänger, einer der erfolgreichten Solointrepreten überhaupt und Vater von Enrique1943Julio Iglesias
100%
langjähriger Kapitän und Rekordspieler von Real Madrid sowie früherer Nationalspieler1977Raúl
80%
Nationaltorwart, Manchester United1990David de Gea
60%
König von Spanien seit 20141968Felipe VI.
60%
Bauunternehmer und Präsident von Real Madrid1947Florentino Pérez
60%
marokkanischer Nationalspieler, Paris Saint Germain1998Achraf Hakimi
40%
Formel 1 Fahrer für Ferrari1994Carlos Sainz Jr.
40%
Ministerpräsident von Spanien seit 20181972Pedro Sánchez
40%
Opernsänger und einer der drei Tenöre1941Plácido Domingo
40%
Fußballtrainer, (Real Madrid, Liverpool, Chelsea und Neapel)1960Rafael Benitez
40%
Radsportler, Sieger aller drei Grand Tours und Dopingsünder1982Alberto Contador
20%
Sänger, "La Tortura"1968Alejandro Sanz
20%
Nationalspieler, Juventus Turin1992Álvaro Morata
20%
Königin von Spanien von 1833 bis 18681830Isabella II.
20%
Fußballtrainer der Frauennationalmannschaft1981Jorge Vilda
20%
Nationalspieler, Atlético Madrid1992Koke
20%
Schauspielerin, "House of Anubis"1992Nathalia Ramos
20%
früherer Nationaltorwart, Lazio Rom (früher Liverpool, Neapel und Bayern)1982Pepe Reina
20%
Nationalspieler, Manchester City1996Rodri
20%
Schauspielerin, bekannt als Nairobi aus "Haus des Geldes"1986Alba Flores
0%
letzter König vor dem Bürgerkrieg und der Franco-Diktatur1886Alfonso XIII.
0%
Schauspielerin, "Das Waisenhaus" "Das Meer in mir"1965Belén Rueda
0%
letzter Ministerpräsident zur Zeit Francos1908Carlos Arias Navarro
0%
Schauspielerin, "Volver" "Frauen am Rande des Nervenzusammenbruch"1945Carmen Maura
0%
britisch-spanische Schauspielerin, "Logan" "His Dark Materials"2005Dafne Keen
0%
Nationalspieler, Leeds United1993Diego Llorente
0%
Schauspielerin und Model, bekannt für ihre Rolle als Elena in den "Fast anf Furious" Filmen1976Elsa Pataky
0%
Schauspielerin, bekannt als Mónica aus "Haus des Geldes"1983Esther Acebo
0%
Tennisspieler und Australian Open Halbfinalist 20091983Fernando Verdasco
0%
Rekordtorschützin der Nationalmannschaft, FC Barcelona1990Jenni
0%
bedeutender Medienmogul und Gründer der Zeitung "El País"1929Jesús de Polanco
0%
spanischer Premierminister von 1996 bis 20041953José Maria Aznar
0%
Basketballspieler, Utah Jazz1995Juancho Hernangomez
0%
Prinzessin und Thronfolgerin2005Leonor von Spanien
0%
Schauspielerin, "Volver" "Das Meer in mir"1971Lola Duenas
0%
früherer Fußballspieler von Atlético und späterer Nationaltrainer beim EM-Sieg 20081938Luis Aragonés
0%
Schauspielerin, "Haus des Geldes" "Élite"1996Maria Pedreza
0%
Schauspielerin, "Pan's Labyrinth" "Amantes"1970Maribel Verdú
0%
Schauspielerin, bekannt als Talisa aus "Game of Thrones"1986Oona Chaplin
0%
Nationalspieler, Paris Saint-Germain1992Pablo Sarabia
0%
Basketballspieler, New Orleans Pelicans1994Willy Hernangomez
0%

Verteilung der Resultate

Perzentil nach korrekt beantworteten Fragen

Anzahl Personen mit jedem Resultat

Ihre Resultats-Entwicklung

Sie haben dieses Quiz seit der letzten Aktualisierung nicht gespielt